[Event "Politiken Cup"]
[Site "Helsingor DEN"]
[Date "2009.07.22"]
[Round "6"]
[White "Mouritsen,J"]
[Black "Skovgaard,T"]
[Result "0-1"]
[WhiteElo "1758"]
[BlackElo "1983"]
[EventDate "2009.07.18"]

1. d4 Nf6 2. c4 e6 3. Nc3 Bb4 4. e3 O-O 5. Bd3 c5 6. Nf3 d5 7. O-O Nc6 8.
a3 Bxc3 9. bxc3 dxc4 10. Bxc4 Qc7 11. Qc2 e5 12. dxe5 Nxe5 13. Nxe5 Qxe5
14. f4 Qe7 15. Bd3 Bd7 16. e4 c4 17. Be2 Nxe4 18. Bf3 Bc6 19. Bxe4 Bxe4 20.
Re1 Bxc2 21. Rxe7 Rfe8 22. Rxe8+ Rxe8 23. Bd2 Rd8 24. Re1 f5 25. Be3 Be4
26. Bd4 Rd5 27. g4 g6 28. gxf5 gxf5 29. Kf2 Ra5 30. Rg1+ Kf7 31. Rg7+ Ke6
32. Rxh7 Rxa3 33. Rh6+ Kd5 34. h4 Ra2+ 35. Ke3 b5 36. h5 b4 37. Rh8 b3 38.
Rd8+ Ke6 39. h6 Rh2 40. Be5 b2 41. Rd6+ Ke7 42. Ra6 b1=Q 43. Rxa7+ Ke8 0-1

[Event "Politiken Cup"]
[Site "Helsingor DEN"]
[Date "2009.07.22"]
[Round "6"]
[White "Larsen,Andr"]
[Black "Torkilseng,R"]
[Result "1-0"]
[WhiteElo "1968"]
[BlackElo "1824"]
[EventDate "2009.07.18"]

1. e4 c6 2. d4 d5 3. exd5 cxd5 4. c4 Nf6 5. Nc3 e6 6. Bd3 Be7 7. Nge2 O-O
8. O-O dxc4 9. Bxc4 Nbd7 10. Bf4 a6 11. Qd3 Nb6 12. Bb3 Nbd5 13. Be5 Bd7
14. Qg3 Bc6 15. Rac1 Rc8 16. Bc2 Ne8 17. Qh3 g6 18. Ne4 Bf6 19. N2g3 Bg7
20. Bxg7 Nxg7 21. Qh6 Nf5 22. Nxf5 exf5 23. Ng5 Nf6 24. Bb3 Qd6 25. Rc3 Bd5
26. Rh3 Rfe8 27. Nxh7 Nxh7 28. Qxh7+ Kf8 29. Qh4 Qd8 30. Qh8+ Ke7 31. Qe5+
Kd7 32. Qxd5+ Kc7 33. Qxf7+ Kb8 34. Rc3 Rc7 35. Qxg6 1-0

[Event "Politiken Cup"]
[Site "Helsingor DEN"]
[Date "2009.07.22"]
[Round "6"]
[White "Jorgensen,A"]
[Black "Christensen,Ca"]
[Result "0-1"]
[WhiteElo "1965"]
[BlackElo "1808"]
[EventDate "2009.07.18"]

1. d4 d6 2. Nf3 g6 3. c4 Bg7 4. Nc3 Nf6 5. e4 c5 6. d5 O-O 7. h3 Re8 8. Be2
e6 9. O-O exd5 10. exd5 Bf5 11. Bg5 Qb6 12. Bxf6 Bxf6 13. Qd2 Nd7 14. Rfe1
Ne5 15. Nxe5 Rxe5 16. Bg4 Bxg4 17. Rxe5 Bxe5 18. hxg4 Qb4 19. Ne4 Qxc4 20.
Re1 b6 21. b3 Qa6 22. g5 Qc8 23. g3 Qh3 24. Qd3 h5 25. gxh6 Qxh6 26. Kg2
Qh5 27. Rh1 Qf5 28. f3 Kg7 29. f4 Bd4 30. Qf3 Re8 31. Re1 Qxd5 32. Re2 f5
33. Nc3 Qxf3+ 34. Kxf3 Rxe2 35. Nxe2 Kf6 36. g4 Ke6 37. gxf5+ gxf5 38. Ng3
b5 39. Ke2 c4 40. Kd2 d5 0-1

[Event "Politiken Cup"]
[Site "Helsingor DEN"]
[Date "2009.07.22"]
[Round "6"]
[White "Andersen,Dani"]
[Black "Caceres,C"]
[Result "1-0"]
[WhiteElo "1963"]
[BlackElo "1766"]
[EventDate "2009.07.18"]

1. c4 e5 2. Nc3 Nf6 3. Nf3 Nc6 4. g3 Be7 5. Bg2 d6 6. O-O Be6 7. b3 h6 8.
d4 exd4 9. Nxd4 Bd7 10. Nd5 Nxd5 11. Nxc6 bxc6 12. cxd5 cxd5 13. Qxd5 c6
14. Qd3 d5 15. Be3 O-O 16. Qa6 Qb8 17. Qa5 Qb4 18. Bd2 Qb7 19. Rac1 a6 20.
Be3 Qb5 21. Qd2 Ba3 22. Rcd1 Be6 23. Bd4 Rad8 24. Qf4 Bd6 25. Be5 Bxe5 26.
Qxe5 Rfe8 27. Qb2 Bf5 28. e3 Rb8 29. Rd4 Re6 30. Rc1 Rbe8 31. Qa3 Be4 32.
Bf1 Qb6 33. Ra4 Ra8 34. Rxa6 Rxa6 35. Qxa6 Qc7 36. Bh3 Rd6 37. Qc8+ Qxc8
38. Bxc8 Kf8 39. Bh3 Ke7 40. Bg2 Bf5 41. Kf1 Kd7 42. Ke1 g5 43. Rc5 Kc7 44.
Kd2 Bb1 45. a4 f5 46. Rc1 Ba2 47. Kc2 d4 48. Rd1 d3+ 49. Kb2 Bxb3 50. Kxb3
f4 51. Kc3 fxe3 52. fxe3 Rf6 53. Kxd3 c5 54. e4 Rf2 55. Rd2 Rf7 56. Kc4 Kb6
57. e5 h5 58. e6 Re7 59. Kd5 1-0

[Event "Politiken Cup"]
[Site "Helsingor DEN"]
[Date "2009.07.22"]
[Round "6"]
[White "Tandrup,M"]
[Black "Capion,J"]
[Result "1/2-1/2"]
[WhiteElo "1948"]
[BlackElo "1690"]
[EventDate "2009.07.18"]

1. d4 Nf6 2. Nf3 d5 3. c4 c6 4. e3 Bg4 5. Be2 Nbd7 6. O-O e6 7. b3 Qc7 8.
Nbd2 Bd6 9. h3 Bh5 10. Bb2 Bb4 11. a3 Bxd2 12. Nxd2 Bg6 13. Rc1 O-O 14. Nf3
Rfe8 15. Ne5 Rad8 16. Nxg6 hxg6 17. Qc2 Ne4 18. Bf3 Ndf6 19. Rfd1 Ng5 20.
Be2 Nfe4 21. h4 Nh7 22. g3 Nhf6 23. Kg2 Nd6 24. c5 Nc8 25. Bf3 Ne7 26. Rh1
Kf8 27. g4 Neg8 28. g5 Nh7 29. Rcg1 Ke7 30. b4 Kd7 31. Kf1 Nf8 32. a4 a6
33. Be2 b5 34. h5 gxh5 35. Rxh5 Ne7 36. Bd3 Kc8 37. axb5 axb5 38. Ke2 Kb7
39. Bc3 Ra8 40. Rhh1 Nfg6 41. f4 1/2-1/2

[Event "Politiken Cup"]
[Site "Helsingor DEN"]
[Date "2009.07.22"]
[Round "6"]
[White "Hansen,I"]
[Black "Hansen,An"]
[Result "1-0"]
[WhiteElo "1943"]
[BlackElo "2005"]
[EventDate "2009.07.18"]

1. e4 c5 2. b3 Nc6 3. Bb2 Qc7 4. Nc3 e6 5. Nb5 Qb8 6. g3 a6 7. Nc3 b5 8.
Bg2 Bb7 9. Nh3 Nf6 10. d3 Bd6 11. O-O h5 12. f4 Ng4 13. Qd2 f6 14. Nf2 Qc7
15. Nxg4 hxg4 16. Qe2 O-O-O 17. Qxg4 Rhg8 18. e5 fxe5 19. Ne4 Be7 20. c4
Nd4 21. Bxd4 exd4 22. cxb5 axb5 23. Rfc1 Kb8 24. Rc2 Bd5 25. a4 Bxb3 26.
Rb2 c4 27. axb5 d5 28. Qxe6 dxe4 29. Qxe4 Qd6 30. Qb7+ 1-0

[Event "Politiken Cup"]
[Site "Helsingor DEN"]
[Date "2009.07.22"]
[Round "6"]
[White "Eiholt,B"]
[Black "Andersen,Dag"]
[Result "0-1"]
[WhiteElo "1678"]
[BlackElo "1926"]
[EventDate "2009.07.18"]

1. d4 Nf6 2. c4 c5 3. d5 e5 4. Nc3 d6 5. e4 Nbd7 6. Nf3 Be7 7. Be2 Nf8 8.
O-O a6 9. a4 Ng6 10. Ne1 h5 11. Nd3 h4 12. f4 exf4 13. Nxf4 Ne5 14. Nh5
Nxh5 15. Bxh5 g6 16. Bf3 Nxc4 17. b3 Ne5 18. Bb2 Bf6 19. Qe2 Qe7 20. Nd1
Bd7 21. Ne3 Rb8 22. Ng4 Nxg4 23. Bxf6 Nxf6 24. e5 Qxe5 25. Qf2 Qd4 26.
Rae1+ Kf8 0-1

[Event "Politiken Cup"]
[Site "Helsingor DEN"]
[Date "2009.07.22"]
[Round "6"]
[White "Fyhn,K"]
[Black "Astrom,L"]
[Result "1/2-1/2"]
[WhiteElo "1884"]
[BlackElo "1689"]
[EventDate "2009.07.18"]

1. e4 c5 2. Nf3 d6 3. d4 cxd4 4. Nxd4 Nf6 5. Nc3 g6 6. Bg5 Bg7 7. Bb5+ Bd7
8. Qe2 a6 9. Bxd7+ Nbxd7 10. O-O-O O-O 11. f4 Qc7 12. Rhe1 Nb6 13. e5 dxe5
14. fxe5 Nfd5 15. Nxd5 Nxd5 16. Nf5 Nc3 17. Nxe7+ Qxe7 18. Bxe7 Nxe2+ 19.
Rxe2 Rfe8 20. Bd6 Re6 21. c3 Rae8 22. Kc2 Bxe5 23. Bxe5 Rxe5 24. Rxe5
1/2-1/2

[Event "Politiken Cup"]
[Site "Helsingor DEN"]
[Date "2009.07.22"]
[Round "6"]
[White "Hansen,Herb"]
[Black "Jensen,Ha"]
[Result "1-0"]
[WhiteElo "1832"]
[BlackElo "1620"]
[EventDate "2009.07.18"]

1. e4 e5 2. Nf3 Nc6 3. d4 exd4 4. Nxd4 Nf6 5. Nxc6 bxc6 6. e5 Qe7 7. Qe2
Nd5 8. c4 Nb6 9. Nc3 Ba6 10. b3 Nd5 11. Bb2 Qe6 12. Qe4 Nf6 13. exf6 1-0

[Event "Politiken Cup"]
[Site "Helsingor DEN"]
[Date "2009.07.22"]
[Round "6"]
[White "Ryberg,D"]
[Black "Kristensen,S"]
[Result "1-0"]
[WhiteElo "1815"]
[BlackElo "1565"]
[EventDate "2009.07.18"]

1. e4 e5 2. Nf3 Nf6 3. Nxe5 d6 4. Nf3 Nxe4 5. Qe2 Qe7 6. d4 Bg4 7. Nbd2
Bxf3 8. Nxf3 Nc6 9. d5 Nd8 10. Ng5 Nxg5 11. Bxg5 Qxe2+ 12. Bxe2 f6 13. Bd2
Nf7 14. Bb5+ Kd8 15. O-O-O a6 16. Be2 Ne5 17. f4 Nd7 18. c4 g6 19. h4 Nc5
20. h5 gxh5 21. Bxh5 Nd3+ 22. Kc2 Nf2 23. Rhe1 Bg7 24. Rc1 f5 25. Re3 Ne4
26. Rce1 Kd7 27. Bf3 Bd4 28. R3e2 1-0

[Event "Politiken Cup"]
[Site "Helsingor DEN"]
[Date "2009.07.23"]
[Round "7"]
[White "Malakhov,V"]
[Black "Hector,J"]
[Result "1-0"]
[WhiteElo "2707"]
[BlackElo "2556"]
[EventDate "2009.07.18"]

1. d4 d5 2. Nf3 Nf6 3. c4 c6 4. e3 Bf5 5. Nc3 e6 6. Nh4 Be4 7. f3 Bg6 8.
Qb3 b5 9. c5 Nbd7 10. a4 a6 11. Nxg6 hxg6 12. Qa3 Qb8 13. axb5 cxb5 14.
Nxb5 Rxh2 15. Rxh2 Qxh2 16. Qa5 Qh4+ 17. Ke2 Ke7 18. c6 Nh5 19. cxd7 Ng3+
20. Kd3 Nxf1 21. Qc7 Kf6 22. d8=Q+ Rxd8 23. Qxd8+ Be7 24. Qc7 g5 25. Nc3
1-0

[Event "Politiken Cup"]
[Site "Helsingor DEN"]
[Date "2009.07.23"]
[Round "7"]
[White "Negi,P"]
[Black "Nielsen,PH"]
[Result "1-0"]
[WhiteElo "2590"]
[BlackElo "2680"]
[EventDate "2009.07.18"]

1. e4 c6 2. d4 d5 3. Nc3 dxe4 4. Nxe4 Bf5 5. Ng3 Bg6 6. h4 h6 7. Nf3 Nd7 8.
h5 Bh7 9. Bd3 Bxd3 10. Qxd3 e6 11. Bd2 Ngf6 12. O-O-O Be7 13. Rhe1 O-O 14.
Qe2 a5 15. Ne5 a4 16. a3 c5 17. Ng6 Re8 18. Nxe7+ Qxe7 19. d5 Qd6 20. dxe6
Rxe6 21. Qf3 Ne5 22. Qxb7 Rb8 23. Qa7 Nc6 24. Qxa4 Nd4 25. Qc4 Nd5 26. Rxe6
Qxe6 27. Ba5 Qe5 28. Re1 Ne2+ 29. Rxe2 Qxb2+ 30. Kd2 Qxa3 31. Qxd5 Qxa5+
32. Ke3 Rd8 33. Qe5 Qa3+ 34. c3 Qc1+ 35. Kf3 Rd3+ 36. Re3 Qd1+ 37. Kf4 Rd6
38. Nf5 Rf6 39. Kg3 1-0

[Event "Politiken Cup"]
[Site "Helsingor DEN"]
[Date "2009.07.23"]
[Round "7"]
[White "Postny,E"]
[Black "Sargissian,G"]
[Result "1/2-1/2"]
[WhiteElo "2647"]
[BlackElo "2667"]
[EventDate "2009.07.18"]

1. d4 d5 2. c4 c6 3. Nf3 Nf6 4. Qb3 dxc4 5. Qxc4 Bf5 6. g3 e6 7. Bg2 Be7 8.
Nc3 Nbd7 9. Qb3 Qb6 10. Nd2 O-O 11. Nc4 Qa6 12. e4 Bg6 13. Bg5 h6 14. Bh4
Bh7 15. f4 b5 16. Ne5 Rfe8 17. O-O Qb6 18. Kh1 Nxe5 19. dxe5 Ng4 20. Bxe7
Rxe7 21. Nd1 Rd7 22. h3 Rxd1 23. Rfxd1 Nf2+ 24. Kh2 Nxd1 25. Rxd1 Qf2 26.
Qc3 Rf8 27. Qd2 Qxd2 28. Rxd2 g5 29. Kg1 c5 30. Kf2 c4 31. Ke3 Rc8 32. Kd4
Kf8 33. Rf2 gxf4 34. gxf4 Ke8 35. f5 b4 36. fxe6 fxe6 37. Rc2 c3 38. bxc3
Rxc3 39. Rxc3 bxc3 40. Kxc3 Kd7 41. Kb4 Kc7 42. Bf3 Bg6 43. Bg4 Bf7 44. Kc5
Kd7 45. Be2 Kc7 46. Bb5 Bg6 47. Bc4 Bf7 48. a3 Bg8 49. Bb3 Bf7 50. Ba2 Bg8
51. Bc4 Bf7 52. a4 Bg8 53. Bb3 Bf7 54. Bd1 Be8 55. a5 Bg6 56. Bb3 Bf7 57.
Bc4 Bg8 58. Bb5 Bf7 59. Kd4 Bg6 60. Ke3 Bf7 61. Kf4 Bg6 62. Kg4 Kd8 63. Kh4
Ke7 64. Be2 Kd7 65. Bb5+ Ke7 66. Kg4 Kd8 67. Kf3 Kc7 68. Ke3 Bf7 69. Ba4
Bg6 70. Kd4 Bf7 71. Kc5 Bg6 72. Bb3 Bf7 73. h4 Bg8 74. Ba4 Bf7 75. Bc6 Bg6
76. Ba8 Be8 77. Bd5 exd5 78. exd5 Ba4 79. Kd4 Bb3 80. Kc5 Kd7 81. Kd4 Ke7
82. Kc5 Ba4 83. Kb4 Be8 84. Kc5 h5 85. Kd4 Kf7 86. Kc5 Ke7 87. Kd4 Ba4 88.
Kc5 Bd7 89. Kd4 Bc8 90. Kc5 Bb7 91. Kd4 Kf7 92. Kc5 Ke7 93. Kd4 Bc8 94. Kc5
Bd7 95. Kd4 Bg4 96. Kc5 Bf3 97. Kc6 Bg2 98. Kc5 Bh1 99. Kc6 Be4 100. Kc5
Bf3 101. Kc6 Bg2 102. Kc5 Kd7 1/2-1/2

[Event "Politiken Cup"]
[Site "Helsingor DEN"]
[Date "2009.07.23"]
[Round "7"]
[White "Kuzubov,Y"]
[Black "Hillarp Persson,T"]
[Result "0-1"]
[WhiteElo "2635"]
[BlackElo "2596"]
[EventDate "2009.07.18"]

1. d4 d5 2. c4 c6 3. Nf3 Nf6 4. e3 Bf5 5. Nc3 e6 6. Nh4 Be4 7. f3 Bg6 8.
Qb3 b5 9. cxd5 exd5 10. Nxg6 hxg6 11. Bd2 a5 12. a4 b4 13. Ne2 Nbd7 14. Qd3
c5 15. b3 Qc7 16. Rc1 Rc8 17. e4 c4 18. Qc2 dxe4 19. Qxc4 Qxc4 20. bxc4 Nb6
21. c5 Nbd5 22. Kf2 Be7 23. g3 exf3 24. Kxf3 O-O 25. Bh3 Rcd8 26. Rhe1 Rfe8
27. Nf4 Nc7 28. Rc4 g5 29. Nd3 Nfd5 30. Nc1 g6 31. Nb3 f5 32. Kf2 Bf6 33.
Rxe8+ Rxe8 34. Bg2 Kf7 35. Rc1 g4 36. Bf1 g5 37. Bc4 Kg6 38. Re1 Rd8 39.
Rc1 Ne7 40. Be3 Nc6 41. Rd1 Nd5 42. Bxd5 Rxd5 43. Ke2 Kf7 44. Kd3 Ne5+ 45.
Kc2 Nc6 46. Bf2 Bg7 47. Re1 Bxd4 48. Rd1 Rxc5+ 49. Nxc5 Bxf2 50. Nb3 Ke6
51. Kd3 Ne5+ 52. Ke2 Bb6 53. Rf1 Nf3 54. Rc1 Kd5 55. Rc8 f4 56. Rg8 Kc4 57.
Nd2+ Nxd2 58. Kxd2 Be3+ 59. Ke2 b3 60. Rxg5 0-1

[Event "Politiken Cup"]
[Site "Helsingor DEN"]
[Date "2009.07.23"]
[Round "7"]
[White "Hansen,SuB"]
[Black "Pedersen,Stef"]
[Result "1/2-1/2"]
[WhiteElo "2554"]
[BlackElo "2435"]
[EventDate "2009.07.18"]

1. d4 d5 2. c4 c6 3. Nf3 Nf6 4. Nc3 a6 5. a4 e6 6. g3 dxc4 7. Bg2 c5 8.
dxc5 Qxd1+ 9. Nxd1 Bxc5 10. Ne3 Nc6 11. Nxc4 Bd7 12. O-O Ke7 13. Nfe5 Rac8
14. Bg5 Rhd8 15. Nxd7 Rxd7 16. Bxc6 bxc6 17. Rfc1 Rd5 18. Bd2 Ne4 19. Be1
Rb8 20. Rc2 Bb4 21. f3 Nd6 22. Bxb4 Rxb4 23. Ne3 Ra5 24. Rxc6 Rbxa4 25. Rd1
Ne8 26. Kf2 Rb5 27. Nc4 Rab4 28. f4 Rb7 29. Na5 R7b6 30. Rc8 Nd6 31. Rc7+
Kf6 32. Nc6 Ne8 33. Rc8 Rc4 34. Ne5 Rxc8 35. Nd7+ Ke7 36. Nxb6 Rc7 37. Ra1
Rb7 38. Rxa6 Nd6 39. Kf3 Kd8 40. e4 Kc7 41. e5 Nf5 42. Nc4 Rb4 43. Nd6 Nxd6
44. exd6+ Kb7 45. Ra3 Rd4 46. Ke3 Rxd6 47. Rd3 Rb6 48. Rd7+ Kc6 49. Rxf7
Rxb2 50. h3 Rb3+ 51. Kf2 Rb7 52. Rxb7 Kxb7 53. Ke3 Kc6 54. Ke4 Kd6 55. Kd4
Kc6 56. Ke5 Kd7 57. h4 Ke7 58. h5 Kf7 59. g4 Ke7 60. g5 h6 61. Ke4 Kd7 62.
Kd4 Kd6 63. Ke4 Kd7 64. f5 exf5+ 65. Kxf5 hxg5 66. Kxg5 Ke7 67. h6 gxh6+
68. Kxh6 1/2-1/2

[Event "Politiken Cup"]
[Site "Helsingor DEN"]
[Date "2009.07.23"]
[Round "7"]
[White "Sethuraman,S"]
[Black "Alsina Leal,D"]
[Result "1-0"]
[WhiteElo "2455"]
[BlackElo "2529"]
[EventDate "2009.07.18"]

1. e4 c5 2. Nf3 d6 3. d4 cxd4 4. Nxd4 Nf6 5. Nc3 a6 6. Be2 e5 7. Nb3 Be7 8.
O-O O-O 9. Re1 Be6 10. Bf3 a5 11. a4 Na6 12. Nd2 Rc8 13. Nf1 h6 14. h3 Nb4
15. Ne3 Rc5 16. Nb5 Na6 17. b3 Rc8 18. c4 Nc5 19. Qc2 Nh7 20. Bg4 Nf6 21.
Bf3 Nh7 22. Nc3 g6 23. Ned5 Bg5 24. Ba3 f5 25. Rad1 Kg7 26. Nb5 Rf7 27. Ne3
Bxe3 28. Rxd6 Rd7 29. Rxd7+ Qxd7 30. Rxe3 f4 31. Re1 Ng5 32. Qc3 Nf7 33.
Rd1 Qc6 34. Na7 Qe8 35. Nxc8 Qxc8 36. Bxc5 Qxc5 37. Bg4 Bxg4 38. hxg4 Ng5
39. Rd5 Qxf2+ 40. Kxf2 Nxe4+ 41. Ke1 Nxc3 42. Rxe5 b6 43. Re6 1-0

[Event "Politiken Cup"]
[Site "Helsingor DEN"]
[Date "2009.07.23"]
[Round "7"]
[White "Tiviakov,S"]
[Black "Aloma Vidal,R"]
[Result "1-0"]
[WhiteElo "2674"]
[BlackElo "2418"]
[EventDate "2009.07.18"]

1. e4 Nf6 2. e5 Nd5 3. d4 d6 4. Nf3 g6 5. Bc4 Nb6 6. Bb3 Bg7 7. Qe2 O-O 8.
h3 Nc6 9. O-O Na5 10. Nc3 d5 11. Re1 c6 12. Bf4 Nbc4 13. Bxc4 Nxc4 14. b3
Na5 15. Qd2 b6 16. Bh6 Bf5 17. Re2 Rc8 18. Rae1 Qd7 19. Qf4 Rc7 20. Qh4
Rfc8 21. e6 fxe6 22. Bxg7 Kxg7 23. Ng5 Rh8 24. g4 h6 25. gxf5 hxg5 26. Qxg5
Rxh3 27. Rxe6 1-0

[Event "Politiken Cup"]
[Site "Helsingor DEN"]
[Date "2009.07.23"]
[Round "7"]
[White "Avrukh,B"]
[Black "Skytte,R"]
[Result "1-0"]
[WhiteElo "2641"]
[BlackElo "2396"]
[EventDate "2009.07.18"]

1. d4 Nf6 2. c4 e5 3. dxe5 Ng4 4. Nf3 Bc5 5. e3 Nc6 6. Nc3 Ngxe5 7. Nxe5
Nxe5 8. Be2 O-O 9. O-O Re8 10. b3 a5 11. Bb2 Ra6 12. Ne4 Ba7 13. c5 Rh6 14.
g3 d5 15. cxd6 Qd7 16. h4 Qf5 17. Bxe5 Qxe5 18. d7 Bxd7 19. Qxd7 Qxe4 20.
Bf3 Qe5 21. Rad1 Rf6 22. Bxb7 Bb6 23. Rd5 Qe6 24. Qxe6 Rfxe6 25. Rfd1 Kf8
26. Rd7 R8e7 27. R7d3 h6 28. Ba6 Bc5 29. Rd8+ Re8 30. Bb5 c6 31. Ba4 Rxd8
32. Rxd8+ Ke7 33. Ra8 Bb4 34. Ra7+ Kf6 35. Rc7 c5 36. Bb5 Re7 37. Rc8 Rb7
38. Bc6 Ra7 39. Kg2 Ke7 40. h5 Kd6 41. Bb5 Rb7 42. a4 Rc7 43. Rg8 Bc3 44.
Kf3 Ke6 45. g4 Kf6 46. Rd8 Ke7 47. Rd5 Bb4 48. Ke4 Rb7 49. f4 Rc7 50. Kf5
Rb7 51. e4 Rc7 52. e5 Rb7 53. g5 Rc7 54. g6 Rb7 55. Bc4 Ke8 56. Rd6 1-0

[Event "Politiken Cup"]
[Site "Helsingor DEN"]
[Date "2009.07.23"]
[Round "7"]
[White "Berg,E"]
[Black "Petersen,To1"]
[Result "1-0"]
[WhiteElo "2610"]
[BlackElo "2310"]
[EventDate "2009.07.18"]

1. b3 e5 2. Bb2 Nc6 3. e3 Nf6 4. c4 Be7 5. d3 O-O 6. Nf3 d6 7. Nbd2 h6 8.
Be2 Bf5 9. O-O Nh7 10. Ne4 Bg6 11. Nc3 Qd7 12. Nd5 Bd8 13. d4 e4 14. Nd2
Ng5 15. h4 Nh7 16. h5 Bf5 17. g4 Be6 18. Nf4 Ng5 19. d5 Ne5 20. dxe6 fxe6
21. Bxe5 dxe5 22. Ng6 1-0

[Event "Politiken Cup"]
[Site "Helsingor DEN"]
[Date "2009.07.23"]
[Round "7"]
[White "Agrest,E"]
[Black "Carlstedt,J"]
[Result "1-0"]
[WhiteElo "2590"]
[BlackElo "2309"]
[EventDate "2009.07.18"]

1. Nf3 c5 2. c4 e6 3. Nc3 d5 4. cxd5 exd5 5. d4 Nf6 6. Bf4 Nc6 7. e3 Be6 8.
Be2 Be7 9. dxc5 Bxc5 10. O-O O-O 11. Rc1 Be7 12. Nd4 Rc8 13. Ncb5 Qb6 14.
Qb3 Ne4 15. Nxc6 bxc6 16. Nd4 c5 17. Qxb6 axb6 18. Nb5 c4 19. Be5 Bc5 20.
Rfd1 f6 21. Bd4 Rfd8 22. f3 Ng5 23. b3 Bxd4 24. Nxd4 Bf7 25. Nf5 Ra8 26.
bxc4 dxc4 27. Rxd8+ Rxd8 28. Bxc4 Bxc4 29. Rxc4 Rd1+ 30. Kf2 Rd2+ 31. Kg3
g6 32. Rc8+ Kf7 33. Rc7+ Kf8 34. Nh6 Rxa2 35. h4 Ne6 36. Rf7+ Ke8 37. Rxh7
b5 38. Rb7 Rb2 39. Ng4 f5 40. Ne5 g5 41. hxg5 Nxg5 42. Kf4 Ne6+ 43. Kxf5
Nc5 44. Rb8+ Ke7 45. g4 1-0

[Event "Politiken Cup"]
[Site "Helsingor DEN"]
[Date "2009.07.23"]
[Round "7"]
[White "Hammer,J"]
[Black "Bach,Mat"]
[Result "1-0"]
[WhiteElo "2583"]
[BlackElo "2307"]
[EventDate "2009.07.18"]

1. Nf3 d5 2. d4 e6 3. c4 c5 4. cxd5 exd5 5. g3 Nc6 6. Bg2 Nf6 7. O-O Be7 8.
Nc3 O-O 9. b3 Ne4 10. Bb2 Bf6 11. Na4 b6 12. Rc1 Re8 13. dxc5 Bxb2 14. Nxb2
Nxc5 15. Re1 Nb4 16. a3 Na2 17. Rc2 Ne4 18. Qd4 Bf5 19. Nd1 Nec3 20. Rxc3
Nxc3 21. Nxc3 Rc8 22. Nh4 Be4 23. Nxd5 Qxd5 24. Qxd5 Bxd5 25. Bxd5 Rc5 26.
Rd1 Rxe2 27. Bc4 Re8 28. Rd7 Rf8 29. Rxa7 b5 30. Ra5 1-0

[Event "Politiken Cup"]
[Site "Helsingor DEN"]
[Date "2009.07.23"]
[Round "7"]
[White "Mikkelsen,N"]
[Black "Rasmussen,A"]
[Result "0-1"]
[WhiteElo "2399"]
[BlackElo "2536"]
[EventDate "2009.07.18"]

1. d4 d5 2. c4 c6 3. Nc3 e6 4. Nf3 dxc4 5. e3 b5 6. a4 Qb6 7. Bd2 Bb4 8.
Ne4 Be7 9. b3 a5 10. axb5 cxb5 11. bxc4 b4 12. Ne5 Qb7 13. Be2 f6 14. Bf3
fxe5 15. Nc5 Qa7 16. Bxa8 Qxa8 17. Qh5+ g6 18. Qxe5 Bf6 19. Qc7 Nc6 20. Ne4
Bd7 21. O-O Qd8 22. Qb7 Bg7 23. d5 Nge7 24. Rac1 O-O 25. Rfd1 Ne5 26. Be1
exd5 27. cxd5 Bc8 28. Qb5 Bg4 29. Rd2 Nf5 30. Ra2 Nh4 31. f4 Nxg2 32. Rxg2
Bf3 33. Nf2 Bxg2 34. Kxg2 Nf7 35. Qd3 Nd6 36. Rc6 Nf5 37. d6 Qd7 38. Ra6
Nxe3+ 39. Kf3 Nf5 40. Qd5+ Kh8 41. Rxa5 b3 42. Ra8 Qxd6 43. Rxf8+ Qxf8 44.
Qb7 Nd4+ 45. Kg3 Ne2+ 46. Kf3 Nd4+ 47. Kg3 h5 48. Nh3 b2 49. Kg2 Nc2 0-1

[Event "Politiken Cup"]
[Site "Helsingor DEN"]
[Date "2009.07.23"]
[Round "7"]
[White "Sebag,M"]
[Black "Jacobsen,Bo"]
[Result "0-1"]
[WhiteElo "2531"]
[BlackElo "2303"]
[EventDate "2009.07.18"]

1. e4 e5 2. Nf3 Nc6 3. Bb5 Nf6 4. O-O d6 5. d4 Bd7 6. Nc3 Be7 7. Bxc6 Bxc6
8. Qd3 exd4 9. Nxd4 Bd7 10. b3 O-O 11. Bb2 Re8 12. f4 c5 13. Nf3 b5 14. Kh1
b4 15. Ne2 Qb6 16. c4 bxc3 17. Nxc3 Rad8 18. Nd2 Bc8 19. Qg3 Bb7 20. Nc4
Qa6 21. Ne3 Bf8 22. Nf5 g6 23. Qg5 d5 24. e5 Nh5 25. Rfe1 Qd3 26. Nd6 f6
27. Qh4 Bxd6 28. exd6 d4 29. Rxe8+ Rxe8 30. d7 Rf8 31. Qg4 f5 32. Qe2 Qxe2
33. Nxe2 Rd8 34. Kg1 d3 35. Nc3 Nxf4 36. g3 Ne6 37. Re1 Kf7 38. Na4 Rxd7
39. Bc3 Be4 40. Kf2 Rd6 41. Bd2 c4 42. bxc4 Nd4 43. h4 Ra6 44. Nc3 Nf3 45.
Rd1 Nxd2 46. Rxd2 Rc6 47. Nb5 a6 48. Na3 Ke6 49. Ke3 Ke5 50. Rb2 Rc5 51.
Rb6 Ra5 52. Nb1 Rxa2 53. Nd2 Ra1 54. Nb3 Re1+ 55. Kd2 Re2+ 56. Kd1 Rg2 57.
c5 Rxg3 58. c6 Rg1+ 59. Kd2 Rg2+ 60. Ke1 Re2+ 61. Kd1 Rc2 62. Rxa6 Rxc6 63.
Ra5+ Kf4 64. Nd4 Rb6 65. Kd2 Kg4 66. Ra7 h5 67. Ra1 Kxh4 68. Rg1 Kh3 69.
Ke3 Kh2 70. Rg5 h4 71. Nf3+ Bxf3 72. Kxf3 d2 73. Rg2+ Kh3 74. Rxd2 Rb3+ 75.
Kf4 Rg3 76. Ra2 Rg2 0-1

[Event "Politiken Cup"]
[Site "Helsingor DEN"]
[Date "2009.07.23"]
[Round "7"]
[White "Bruehl,A"]
[Black "Schandorff,L"]
[Result "0-1"]
[WhiteElo "2360"]
[BlackElo "2510"]
[EventDate "2009.07.18"]

1. d4 d5 2. c4 c6 3. Nf3 Nf6 4. Nc3 a6 5. a4 e6 6. Bg5 a5 7. e3 Be7 8. Be2
b6 9. O-O Bb7 10. Qc2 Na6 11. Rac1 O-O 12. Rfd1 Nb4 13. Qb1 Re8 14. Ne5 Nd7
15. Nxf7 Kxf7 16. Qxh7 Nf6 17. Bxf6 Bxf6 18. Bh5+ Ke7 19. Bxe8 Qxe8 20. e4
Qg8 21. Qg6 Qf7 22. Qg3 Kf8 23. cxd5 exd5 24. exd5 Nxd5 25. Ne4 Be7 26. Re1
Kg8 27. Nd6 Bxd6 28. Qxd6 Rf8 29. f3 Nf4 30. Re7 Qf5 31. Kh1 Ba6 32. Re5
Qf7 33. Rg5 Re8 34. h4 Bb7 35. Kh2 Nd5 36. Rg1 Re6 37. Qd8+ Kh7 38. Rg4 Ne3
39. Rg3 Ba6 40. Qg5 Nf1+ 41. Rxf1 Bxf1 42. d5 Rh6 43. dxc6 Rxc6 44. Qe3 Re6
45. Qc3 Ba6 46. b4 axb4 47. Qxb4 Qc7 48. f4 Bb7 49. Rg4 Be4 50. Qb5 Rg6 51.
Qh5+ Rh6 52. Qg5 Qf7 53. Qe5 Bg6 54. Qg5 Rh5 55. Qd8 Qf6 56. Qxf6 gxf6 57.
f5 Rxf5 58. Rb4 Kg7 59. g4 Ra5 60. Rxb6 Rxa4 61. Rb7+ Bf7 62. Kg3 Ra3+ 63.
Kf4 Rh3 64. h5 Ra3 65. Kf5 Ra5+ 66. Kf4 Ra1 67. Kg3 Rg1+ 68. Kf4 Rf1+ 69.
Ke4 Kf8 70. Rb8+ Be8 71. h6 Kf7 72. h7 Rh1 73. g5 Rh4+ 74. Kd5 fxg5 75. Ke5
Rh5 76. Ra8 Ke7 77. Kf5 Rxh7 78. Kxg5 Rf7 79. Ra5 Bd7 80. Ra7 Rf5+ 81. Kh4
Rd5 82. Kg3 Rd4 83. Kf3 Rh4 84. Kg3 Rb4 85. Kf3 Kd6 86. Ke3 Bc6 87. Rh7
Re4+ 88. Kd3 Rf4 89. Ke3 Re4+ 90. Kd3 Kc5 91. Rc7 Rf4 92. Ke3 Rf3+ 93. Ke2
Rh3 94. Kf2 Rc3 95. Rc8 Kd4 96. Rc7 Kd5 97. Rh7 Ra3 98. Rc7 Be8 99. Re7 Bg6
100. Re3 Ra4 101. Re7 Be4 102. Ke3 Ra3+ 103. Kf4 Rf3+ 104. Kg4 Rf8 105. Kg5
Rf5+ 106. Kg4 Kd4 107. Ra7 Rf8 108. Ra4+ Ke3 109. Ra3+ Bd3 110. Kg5 Rf5+
111. Kh6 Rf7 112. Kg5 Rf8 113. Rb3 Kd4 114. Rb4+ Ke5 115. Kg4 Be4 116. Kg3
Rg8+ 117. Kf2 Kf4 118. Rb6 Rg2+ 119. Kf1 Ra2 120. Rb3 Bf3 121. Rb8 Kg3 122.
Rg8+ Bg4 123. Ke1 Re2+ 124. Kf1 Re7 125. Rg6 Rd7 0-1